LIBRARY & INFORMATION CENTRE, KCAET, TAVANUR

ONLINE PUBLIC ACCESS CATALOGUE (OPAC)

Mechanical and design engineering (Record no. 15731)

MARC details
000 -LEADER
fixed length control field 00324nam a22001217a 4500
003 - CONTROL NUMBER IDENTIFIER
control field OSt
008 - FIXED-LENGTH DATA ELEMENTS--GENERAL INFORMATION
fixed length control field 190925b ||||| |||| 00| 0 eng d
082 ## - DEWEY DECIMAL CLASSIFICATION NUMBER
Classification number 620.100321
Item number PAR/ME
100 ## - MAIN ENTRY--AUTHOR NAME
Personal name Parker, Sybil P.
245 ## - TITLE STATEMENT
Title Mechanical and design engineering
260 ## - PUBLICATION, DISTRIBUTION, ETC. (IMPRINT)
Place of publication New York
Name of publisher McGraw-Hill Book Company
Year of publication 1986
942 ## - ADDED ENTRY ELEMENTS (KOHA)
Koha item type Books
Holdings
Withdrawn status Lost status Damaged status Home library Current library Date acquired Full call number Accession Number Koha item type
Withdrawn     KAUAET KAUAET 25/09/2019 620.100321 PAR/ME 17648 Books
free website counter